| 000 | 00000cas 2200000za 4500 |
| 001 | 9.503616 |
| 003 | CaOODSP |
| 005 | 20260515081744 |
| 007 | cr ||||||||||| |
| 008 | 150406c20069999onc x p o f0 b0fre| |
| 040 | |aCaOODSP|bfre |
| 043 | |an-cn--- |
| 086 | 1 |aXC66-1/2F-PDF |
| 110 | 1 |aCanada. |bParlement. |bChambre des communes. |bComité permanent de la justice et des droits de la personne. |
| 245 | 10|aTémoignages |h[ressource électronique] / |cComité permanent de la justice et des droits de la personne. |
| 260 | |a[Ottawa] : |bComité permanent de la justice et des droits de la personne, |c2006- |
| 310 | |aIrrégulier |
| 362 | 0 |a39e législature, 1re session, JUST no. 1 (4 mai 2006)- |
| 500 | |aPubl. aussi en anglais sous le titre : Evidence / Standing Committee on Justice and Human Rights. |
| 500 | |aTitre de la couv. |
| 515 | |aLa numérotation reprend à chaque session avec no 1. |
| 515 | |aLes livr. ne sont pas publ. lorsque les séances sont à huis clos. |
| 515 | |aPas publ. 40e législature, 1re session. |
| 692 | 07|2gccst|aDroits de la personne |
| 692 | 07|2gccst|aSystème judiciaire |
| 775 | 08|tEvidence |w(CaOODSP)9.507227 |